000 00522nam a22001337a 4500
005 20241214101502.0
008 241214b |||||||| |||| 00| 0 eng d
100 _aBatongbakal, Lusito.
_eauthor.
_963318
245 _a8 famous Filipino events you did not know influenced the world /
_cLuisito Batongbakal.
260 _aPhilippines;
_bPublishers Association of the Philippines, Inc.,
_cAugust 2018.
300 _aVolume 66, pages 95-98,
_billustration.
700 _aBatongbakal, Lusito.
_eauthor.
_963318
942 _2ddc
_cPER
999 _c23261
_d23261